[Event "ODJM A 2018"]
[Site "Willingen GER"]
[Date "2018.05.23"]
[Round "5"]
[White "Brandl, Lea Maria"]
[Black "Wissing, Philipp"]
[Result "1-0"]
[Termination "normal"]
[Board "41"]
[WhiteElo "1932"]
[BlackElo "1802"]
[PlyCount "45"]
[WhiteFideId "24693049"]
[BlackFideId "12993654"]
[EventCountry "GER"]
[EventRounds "9"]
[EventType "swiss"]
[EventDate "2018.05.19"]

1. d4 Nf6 2. c4 c5 3. d5 e6 4. Nc3 exd5 5. cxd5 d6 6. e4 g6 7. f4 Bg7 8. Nf3
O-O 9. Be2 Re8 10. Qc2 Nbd7 11. O-O Qe7 12. Nd2 a6 13. a4 Nh5 14. Bxh5 Bd4+ 15.
Kh1 gxh5 16. Nc4 Nf6 17. e5 dxe5 18. fxe5 Ng4 19. Ne4 Qh4 20. g3 Qh3 21. Rxf7
Nxe5 22. Ng5 Qg4 23. Qxh7# 1-0

[Event "ODJM A 2018"]
[Site "Willingen GER"]
[Date "2018.05.23"]
[Round "5"]
[White "Fistoul, Boris"]
[Black "Günther, Emil"]
[Result "1-0"]
[Termination "normal"]
[Board "42"]
[WhiteElo "1953"]
[BlackElo "1584"]
[PlyCount "99"]
[WhiteFideId "12953962"]
[BlackFideId "16228154"]
[EventCountry "GER"]
[EventRounds "9"]
[EventType "swiss"]
[EventDate "2018.05.19"]

1. d4 d5 2. c4 e6 3. Nc3 Nf6 4. Bg5 Be7 5. cxd5 exd5 6. e3 O-O 7. Bd3 c6 8. Qc2
h6 9. Bh4 Re8 10. Nge2 Nbd7 11. O-O Ne4 12. Bxe7 Qxe7 13. Nf4 Ndf6 14. Rae1 Bf5
15. f3 Nxc3 16. bxc3 Bxd3 17. Nxd3 Qc7 18. Ne5 Nd7 19. Ng4 Nb6 20. e4 c5 21.
Qf2 Rac8 22. e5 cxd4 23. cxd4 Qc2 24. Qg3 Qg6 25. Qh3 Nc4 26. f4 h5 27. Ne3
Nxe3 28. Qxe3 Rc2 29. Re2 Rec8 30. f5 Qg4 31. Ref2 Qe4 32. Qxe4 dxe4 33. Re1
Rc1 34. Rfe2 R1c2 35. Kf2 R2c4 36. Ke3 Rd8 37. Rd2 b5 38. Kxe4 b4 39. e6 Re8
40. Kd5 Rc3 41. Ree2 a5 42. Rc2 fxe6+ 43. fxe6 Rd8+ 44. Ke4 Rdc8 45. Rxc3 Rxc3
46. d5 Kf8 47. d6 a4 48. Kd5 b3 49. e7+ Ke8 50. d7+ 1-0

[Event "ODJM A 2018"]
[Site "Willingen GER"]
[Date "2018.05.23"]
[Round "6"]
[White "Terhuven, Patrick"]
[Black "Syrov, Arkadi"]
[Result "0-1"]
[Termination "normal"]
[Board "2"]
[WhiteElo "2124"]
[BlackElo "2291"]
[WhiteClock "00:02:20"]
[BlackClock "00:15:57"]
[PlyCount "164"]
[WhiteFideId "12919098"]
[BlackFideId "12942448"]
[EventCountry "GER"]
[EventRounds "9"]
[EventType "swiss"]
[EventDate "2018.05.19"]

1. d4 {[%clk 1:30:58]} 1... Nf6 {[%clk 1:30:55]} 2. Nf3 {[%clk 1:31:22]} 2...
g6 {[%clk 1:31:22]} 3. c4 {[%clk 1:30:55]} 3... Bg7 {[%clk 1:31:46]} 4. g3 {
[%clk 1:30:35]} 4... O-O {[%clk 1:32:10]} 5. Bg2 {[%clk 1:30:59]} 5... d6 {
[%clk 1:32:18]} 6. O-O {[%clk 1:31:09]} 6... Nc6 {[%clk 1:32:38]} 7. Nc3 {
[%clk 1:30:21]} 7... a6 {[%clk 1:33:01]} 8. b3 {[%clk 1:28:05]} 8... Rb8 {
[%clk 1:33:22]} 9. a4 {[%clk 1:24:05]} 9... Na5 {[%clk 1:23:50]} 10. Bb2 {
[%clk 1:22:17]} 10... c5 {[%clk 1:22:43]} 11. d5 {[%clk 1:18:24]} 11... Bd7 {
[%clk 1:22:30]} 12. Nd2 {[%clk 1:15:17]} 12... b5 {[%clk 1:17:25]} 13. axb5 {
[%clk 1:13:39]} 13... axb5 {[%clk 1:17:49]} 14. Nxb5 {[%clk 1:10:01]} 14...
Bxb5 {[%clk 1:18:11]} 15. cxb5 {[%clk 1:10:28]} 15... Rxb5 {[%clk 1:18:29]} 16.
Qc2 {[%clk 1:08:50]} 16... Qb6 {[%clk 1:14:49]} 17. Ra3 {[%clk 1:06:23]} 17...
Rb8 {[%clk 1:13:50]} 18. Bxf6 {[%clk 0:51:18]} 18... Bxf6 {[%clk 1:14:07]} 19.
Nc4 {[%clk 0:50:01]} 19... Qd8 {[%clk 1:13:16]} 20. Nxa5 {[%clk 0:45:12]} 20...
Rxa5 {[%clk 1:12:38]} 21. Rxa5 {[%clk 0:45:40]} 21... Qxa5 {[%clk 1:13:01]} 22.
Be4 {[%clk 0:44:29]} 22... Qb4 {[%clk 1:04:20]} 23. Rb1 {[%clk 0:44:12]} 23...
Kg7 {[%clk 1:04:41]} 24. Qc4 {[%clk 0:42:24]} 24... Qa5 {[%clk 1:04:00]} 25.
Qc2 {[%clk 0:41:32]} 25... h5 {[%clk 1:03:26]} 26. h4 {[%clk 0:34:56]} 26...
Qa8 {[%clk 1:02:55]} 27. Bf3 27... Rb4 {[%clk 0:58:28]} 28. e4 {[%clk 0:34:07]}
28... Rb7 {[%clk 0:56:56]} 29. Be2 {[%clk 0:32:27]} 29... Bd4 {[%clk 0:52:42]}
30. Bc4 {[%clk 0:30:08]} 30... Qa5 31. Kg2 31... Ra7 {[%clk 0:49:14]} 32. Rc1 {
[%clk 0:27:54]} 32... Qb4 {[%clk 0:48:28]} 33. Rb1 {[%clk 0:27:35]} 33... Ra3 {
[%clk 0:48:35]} 34. Rd1 {[%clk 0:24:20]} 34... Qa5 35. Qd2 {[%clk 0:21:14]}
35... Bc3 {[%clk 0:46:02]} 36. Qd3 {[%clk 0:20:35]} 36... Qb4 {[%clk 0:45:25]}
37. Rc1 {[%clk 0:19:49]} 37... Bd4 38. Qd1 {[%clk 0:10:57]} 38... Qa5 { [%clk
0:43:24]} 39. Rc2 39... Qa7 {[%clk 0:40:26]} 40. Rc1 {[%clk 0:08:04]} 40... Qb6
{[%clk 0:37:50]} 41. Rc2 {[%clk 0:07:11]} 41... Qb7 {[%clk 0:35:13]} 42. Rc1
{[%clk 0:04:53]} 42... e5 {[%clk 0:24:47]} 43. Rc2 {[%clk 0:28:58]} 43... Qa7
{[%clk 0:52:25]} 44. Rc1 {[%clk 0:27:11]} 44... Qd7 {[%clk 0:51:44]} 45. Bd3
{[%clk 0:25:23]} 45... Qb7 {[%clk 0:50:18]} 46. Bc4 {[%clk 0:25:24]} 46... Qc8
{[%clk 0:50:41]} 47. Bd3 {[%clk 0:24:39]} 47... Qd7 {[%clk 0:50:59]} 48. Qc2
{[%clk 0:23:55]} 48... Qd8 {[%clk 0:48:15]} 49. Bc4 {[%clk 0:22:31]} 49... Qf6
{[%clk 0:48:13]} 50. Qe2 {[%clk 0:22:06]} 50... Qe7 {[%clk 0:46:25]} 51. Qd1
{[%clk 0:21:48]} 51... f6 {[%clk 0:45:09]} 52. Bd3 {[%clk 0:19:04]} 52... Qa7
{[%clk 0:44:07]} 53. Bc4 {[%clk 0:18:58]} 53... Qf7 {[%clk 0:44:21]} 54. Qd2
{[%clk 0:15:11]} 54... f5 {[%clk 0:43:14]} 55. exf5 {[%clk 0:14:17]} 55... Qxf5
{[%clk 0:43:37]} 56. Qc2 {[%clk 0:12:54]} 56... e4 {[%clk 0:40:51]} 57. Qe2
{[%clk 0:12:26]} 57... Ra7 {[%clk 0:41:04]} 58. Rf1 {[%clk 0:10:03]} 58... Rf7
{[%clk 0:39:33]} 59. f3 {[%clk 0:09:42]} 59... e3 {[%clk 0:38:40]} 60. Qd3
{[%clk 0:08:56]} 60... Qf6 {[%clk 0:36:35]} 61. Qe2 {[%clk 0:08:51]} 61... Qe5
{[%clk 0:36:17]} 62. Rc1 {[%clk 0:08:27]} 62... Ra7 {[%clk 0:35:59]} 63. Kh2
{[%clk 0:08:03]} 63... Kh7 {[%clk 0:29:39]} 64. Kg2 {[%clk 0:08:17]} 64... Bc3
{[%clk 0:29:23]} 65. Qd3 {[%clk 0:06:57]} 65... Bd2 {[%clk 0:28:32]} 66. Rc2
{[%clk 0:06:58]} 66... Re7 {[%clk 0:20:31]} 67. Qe2 {[%clk 0:07:15]} 67... Ra7
{[%clk 0:19:50]} 68. Qd3 {[%clk 0:07:41]} 68... Kg7 {[%clk 0:19:55]} 69. Qe4
{[%clk 0:04:57]} 69... Qa1 {[%clk 0:19:10]} 70. Bd3 {[%clk 0:05:09]} 70... Qf6
{[%clk 0:19:03]} 71. Qf4 {[%clk 0:04:28]} 71... Qxf4 {[%clk 0:17:13]} 72. gxf4
{[%clk 0:04:57]} 72... Rb7 {[%clk 0:17:15]} 73. Rb2 {[%clk 0:04:56]} 73... Rb4
{[%clk 0:17:12]} 74. f5 {[%clk 0:04:33]} 74... c4 {[%clk 0:17:24]} 75. Be2
{[%clk 0:03:42]} 75... gxf5 {[%clk 0:17:01]} 76. Bd1 {[%clk 0:03:07]} 76... Kf6
{[%clk 0:15:08]} 77. Kf1 {[%clk 0:03:25]} 77... c3 {[%clk 0:15:22]} 78. Ra2
{[%clk 0:03:39]} 78... Rxh4 {[%clk 0:15:44]} 79. Kg2 {[%clk 0:03:19]} 79... Ke5
{[%clk 0:15:43]} 80. f4+ {[%clk 0:02:06]} 80... Rxf4 {[%clk 0:15:12]} 81. Bxh5
{[%clk 0:02:00]} 81... Rf2+ {[%clk 0:15:36]} 82. Kg1 {[%clk 0:02:20]} 82... e2
{[%clk 0:15:57]} 0-1

[Event "ODJM A 2018"]
[Site "Willingen GER"]
[Date "2018.05.23"]
[Round "6"]
[White "Heldt, Maximilian"]
[Black "Savchenko, Daniel"]
[Result "1-0"]
[Termination "normal"]
[Board "3"]
[WhiteElo "2050"]
[BlackElo "2117"]
[WhiteClock "00:21:07"]
[BlackClock "00:38:30"]
[PlyCount "107"]
[WhiteFideId "12952346"]
[BlackFideId "12919195"]
[EventCountry "GER"]
[EventRounds "9"]
[EventType "swiss"]
[EventDate "2018.05.19"]

1. c4 {[%clk 1:30:57]} 1... e5 {[%clk 1:30:48]} 2. g3 {[%clk 1:31:18]} 2... g6
{[%clk 1:31:08]} 3. Bg2 {[%clk 1:31:42]} 3... Bg7 {[%clk 1:31:31]} 4. Nc3 {
[%clk 1:32:05]} 4... d6 {[%clk 1:31:55]} 5. e4 {[%clk 1:32:28]} 5... Nc6 {
[%clk 1:31:05]} 6. Nge2 {[%clk 1:32:49]} 6... Be6 {[%clk 1:31:18]} 7. d3 {
[%clk 1:33:00]} 7... Qd7 {[%clk 1:31:41]} 8. Nd5 {[%clk 1:27:38]} 8... Nd4 {
[%clk 1:30:57]} 9. Nxd4 {[%clk 1:25:28]} 9... exd4 {[%clk 1:30:50]} 10. O-O {
[%clk 1:25:12]} 10... O-O-O {[%clk 1:29:22]} 11. b4 {[%clk 1:24:11]} 11... h5 {
[%clk 1:29:25]} 12. h4 12... Bg4 {[%clk 1:26:01]} 13. Qb3 {[%clk 1:22:37]}
13... c6 {[%clk 1:25:42]} 14. f3 {[%clk 1:19:29]} 14... Bh3 {[%clk 1:25:47]}
15. Nf4 {[%clk 1:19:48]} 15... Bxg2 {[%clk 1:26:07]} 16. Nxg2 {[%clk 1:18:31]}
16... Qh3 {[%clk 1:23:48]} 17. Kf2 {[%clk 1:18:27]} 17... Nh6 {[%clk 1:20:49]}
18. Bf4 {[%clk 1:18:07]} 18... Qd7 {[%clk 1:17:17]} 19. c5 {[%clk 1:16:29]}
19... Be5 {[%clk 1:17:15]} 20. cxd6 {[%clk 1:15:27]} 20... f6 {[%clk 1:15:38]}
21. b5 21... c5 {[%clk 1:14:13]} 22. b6 {[%clk 1:15:23]} 22... a6 { [%clk
1:14:36]} 23. Rac1 23... Qxd6 {[%clk 1:13:36]} 24. Qb4 {[%clk 1:12:59]} 24...
Kb8 {[%clk 1:13:41]} 25. Qxc5 25... Qe6 {[%clk 1:11:29]} 26. Qc4 { [%clk
1:06:48]} 26... Qxb6 {[%clk 1:07:18]} 27. Rb1 {[%clk 1:07:01]} 27... Qa5 {[%clk
1:03:12]} 28. Rb2 {[%clk 1:06:06]} 28... Rc8 {[%clk 1:02:40]} 29. Qxd4 { [%clk
0:58:27]} 29... Qc7 {[%clk 0:58:51]} 30. Bxe5 {[%clk 0:58:29]} 30... fxe5
{[%clk 0:59:14]} 31. Qb4 {[%clk 0:58:39]} 31... Rhd8 {[%clk 0:52:59]} 32. Rc1 {
[%clk 0:54:51]} 32... Qd7 {[%clk 0:49:45]} 33. Rxc8+ {[%clk 0:55:10]} 33...
Rxc8 {[%clk 0:50:07]} 34. Ne3 {[%clk 0:54:23]} 34... Nf7 {[%clk 0:49:52]} 35.
Nd5 {[%clk 0:54:11]} 35... Rc6 {[%clk 0:47:25]} 36. Qe7 {[%clk 0:45:47]} 36...
Qc8 {[%clk 0:41:56]} 37. Nb4 37... Rb6 {[%clk 0:41:50]} 38. Rc2 {[%clk 0:45:34]
} 38... Qh3 {[%clk 0:40:00]} 39. Qxf7 {[%clk 0:40:05]} 39... Qh2+ { [%clk
0:39:55]} 40. Ke3 {[%clk 0:34:35]} 40... Qg1+ {[%clk 0:40:15]} 41. Rf2 { [%clk
0:33:21]} 41... Qe1+ {[%clk 0:38:49]} 42. Re2 {[%clk 0:33:42]} 42... Qc1+
{[%clk 0:39:04]} 43. Kf2 {[%clk 0:32:54]} 43... Qc5+ {[%clk 0:39:26]} 44. Kg2 {
[%clk 0:33:19]} 44... Rxb4 {[%clk 0:39:50]} 45. Qxg6 Rb1 46. Qxh5 { [%clk
0:31:52]} 46... Qg1+ {[%clk 0:39:45]} 47. Kh3 {[%clk 0:32:16]} 47... Qf1+
{[%clk 0:40:07]} 48. Rg2 48... Ka7 {[%clk 0:38:07]} 49. Qxe5 {[%clk 0:31:43]}
49... Qxf3 {[%clk 0:38:27]} 50. Qf4 {[%clk 0:29:56]} 50... Qxd3 {[%clk 0:38:41]
} 51. Rd2 {[%clk 0:28:41]} 51... Qa3 {[%clk 0:38:36]} 52. Qf2+ {[%clk 0:27:29]}
52... Kb8 {[%clk 0:38:10]} 53. Rd8+ {[%clk 0:23:30]} 53... Kc7 {[%clk 0:38:30]}
54. Qf8 {[%clk 0:21:07]} 1-0

[Event "ODJM A 2018"]
[Site "Willingen GER"]
[Date "2018.05.23"]
[Round "6"]
[White "Parvanyan, Alfred"]
[Black "Krause, Benedict"]
[Result "0-1"]
[Termination "normal"]
[Board "4"]
[BlackTitle "FM"]
[WhiteElo "2095"]
[BlackElo "2448"]
[WhiteClock "00:10:25"]
[BlackClock "00:21:50"]
[PlyCount "88"]
[WhiteFideId "13305832"]
[BlackFideId "12917990"]
[EventCountry "GER"]
[EventRounds "9"]
[EventType "swiss"]
[EventDate "2018.05.19"]

1. Nf3 {[%clk 1:30:53]} 1... Nf6 {[%clk 1:30:47]} 2. c4 {[%clk 1:31:06]} 2...
c5 {[%clk 1:31:12]} 3. b3 {[%clk 1:29:17]} 3... g6 {[%clk 1:28:30]} 4. Bb2 {
[%clk 1:29:31]} 4... Bg7 {[%clk 1:27:40]} 5. g3 {[%clk 1:29:45]} 5... d6 {
[%clk 1:27:29]} 6. Bg2 {[%clk 1:29:46]} 6... e5 {[%clk 1:26:32]} 7. O-O { [%clk
1:27:50]} 7... O-O {[%clk 1:26:44]} 8. Nc3 {[%clk 1:26:38]} 8... Nc6 { [%clk
1:25:00]} 9. Ne1 {[%clk 1:24:03]} 9... Be6 {[%clk 1:22:23]} 10. Nc2 { [%clk
1:23:01]} 10... d5 {[%clk 1:21:31]} 11. cxd5 {[%clk 1:19:11]} 11... Nxd5 {[%clk
1:20:47]} 12. Na4 {[%clk 1:19:06]} 12... b6 {[%clk 1:15:11]} 13. Ne3 { [%clk
1:10:35]} 13... Rc8 {[%clk 1:10:34]} 14. Nc3 {[%clk 1:01:50]} 14... Nde7 {[%clk
0:59:35]} 15. d3 {[%clk 1:00:07]} 15... Qd7 {[%clk 0:57:12]} 16. Re1 { [%clk
0:46:45]} 16... Nd4 {[%clk 0:44:17]} 17. Ne4 {[%clk 0:37:36]} 17... h6 { [%clk
0:38:25]} 18. Nc4 {[%clk 0:35:30]} 18... Bh3 {[%clk 0:38:02]} 19. Bh1 { [%clk
0:29:30]} 19... f5 {[%clk 0:34:06]} 20. Ned6 {[%clk 0:28:42]} 20... Rb8 { [%clk
0:26:28]} 21. e3 {[%clk 0:18:30]} 21... Ne6 {[%clk 0:25:24]} 22. a4 { [%clk
0:13:51]} 22... a6 {[%clk 0:24:51]} 23. f4 {[%clk 0:11:08]} 23... b5 { [%clk
0:23:03]} 24. axb5 {[%clk 0:10:14]} 24... axb5 {[%clk 0:23:28]} 25. Bxe5 {[%clk
0:08:47]} 25... bxc4 {[%clk 0:23:04]} 26. Nxc4 {[%clk 0:08:57]} 26... Bxe5
{[%clk 0:18:16]} 27. Nxe5 {[%clk 0:09:18]} 27... Qd6 {[%clk 0:12:51]} 28. Ra7
{[%clk 0:08:25]} 28... Rbd8 {[%clk 0:12:47]} 29. Qc2 {[%clk 0:06:18]} 29... Nc8
{[%clk 0:05:16]} 30. Ra4 {[%clk 0:05:06]} 30... Nb6 {[%clk 0:05:13]} 31. Ra6
{[%clk 0:04:19]} 31... Rb8 {[%clk 0:04:30]} 32. Rea1 {[%clk 0:02:53]} 32... Nc7
{[%clk 0:03:50]} 33. R6a5 {[%clk 0:02:09]} 33... Ncd5 {[%clk 0:03:17]} 34. Nc4
{[%clk 0:01:49]} 34... Qe6 {[%clk 0:03:10]} 35. Re1 {[%clk 0:00:36]} 35... Nb4
{[%clk 0:02:40]} 36. Qc3 {[%clk 0:00:43]} 36... Nxc4 {[%clk 0:01:54]} 37. bxc4
{[%clk 0:01:06]} 37... Qd6 {[%clk 0:00:58]} 38. Ra7 {[%clk 0:01:19]} 38... Rf7
{[%clk 0:01:05]} 39. Rxf7 {[%clk 0:01:02]} 39... Kxf7 {[%clk 0:01:34]} 40. Ra1
{[%clk 0:01:07]} 40... Re8 {[%clk 0:01:30]} 41. Ra7+ {[%clk 0:19:43]} 41... Re7
{[%clk 0:31:15]} 42. Rxe7+ {[%clk 0:16:30]} 42... Qxe7 {[%clk 0:29:37]} 43. d4
{[%clk 0:14:52]} 43... Qa7 {[%clk 0:25:27]} 44. dxc5 {[%clk 0:10:25]} 44... Qa2
{[%clk 0:21:50]} 0-1

[Event "ODJM A 2018"]
[Site "Willingen GER"]
[Date "2018.05.23"]
[Round "6"]
[White "Holtel, Jasper"]
[Black "Garbuz, Vitaliy"]
[Result "1-0"]
[Termination "normal"]
[Board "5"]
[WhiteTitle "FM"]
[WhiteElo "2240"]
[BlackElo "2032"]
[WhiteClock "00:29:47"]
[BlackClock "00:23:14"]
[PlyCount "95"]
[WhiteFideId "12956376"]
[BlackFideId "12990710"]
[EventCountry "GER"]
[EventRounds "9"]
[EventType "swiss"]
[EventDate "2018.05.19"]

1. e4 {[%clk 1:30:50]} 1... e5 {[%clk 1:29:47]} 2. Nf3 {[%clk 1:31:05]} 2...
Nc6 {[%clk 1:30:04]} 3. Bc4 {[%clk 1:31:27]} 3... Nf6 {[%clk 1:30:26]} 4. d3 {
[%clk 1:31:42]} 4... Qe7 {[%clk 1:30:42]} 5. a4 {[%clk 1:26:52]} 5... d6 {
[%clk 1:28:31]} 6. O-O {[%clk 1:26:45]} 6... Be6 {[%clk 1:27:58]} 7. Nbd2 {
[%clk 1:25:20]} 7... h6 {[%clk 1:25:41]} 8. c3 {[%clk 1:24:44]} 8... Bxc4 {
[%clk 1:21:41]} 9. Nxc4 {[%clk 1:24:30]} 9... Qe6 {[%clk 1:21:58]} 10. Re1 {
[%clk 1:15:41]} 10... g5 {[%clk 1:14:53]} 11. Ne3 {[%clk 1:06:57]} 11... Ne7 {
[%clk 1:14:32]} 12. a5 {[%clk 1:05:38]} 12... Bg7 {[%clk 1:11:29]} 13. Qa4+ {
[%clk 0:57:47]} 13... c6 {[%clk 1:08:31]} 14. a6 {[%clk 0:52:38]} 14... b5 {
[%clk 1:07:52]} 15. Qc2 {[%clk 0:52:18]} 15... O-O {[%clk 1:02:57]} 16. d4 {
[%clk 0:43:22]} 16... Nd7 {[%clk 0:39:03]} 17. dxe5 {[%clk 0:36:02]} 17... Nxe5
{[%clk 0:30:54]} 18. Nd4 {[%clk 0:34:55]} 18... Qf6 {[%clk 0:31:22]} 19. Nef5 {
[%clk 0:32:20]} 19... N7g6 {[%clk 0:30:45]} 20. Be3 {[%clk 0:30:33]} 20... Rfe8
{[%clk 0:22:22]} 21. Nxg7 {[%clk 0:18:29]} 21... Kxg7 {[%clk 0:22:28]} 22. Nf5+
{[%clk 0:18:37]} 22... Kh7 {[%clk 0:22:48]} 23. Rad1 {[%clk 0:18:04]} 23...
Red8 {[%clk 0:21:18]} 24. b3 {[%clk 0:17:52]} 24... c5 {[%clk 0:18:34]} 25. Rd5
{[%clk 0:15:14]} 25... Rd7 {[%clk 0:14:26]} 26. Red1 {[%clk 0:13:26]} 26...
Rad8 {[%clk 0:14:00]} 27. Qe2 {[%clk 0:12:49]} 27... Nf4 {[%clk 0:05:44]} 28.
Bxf4 {[%clk 0:12:54]} 28... gxf4 {[%clk 0:06:12]} 29. f3 {[%clk 0:12:26]} 29...
Ng6 {[%clk 0:04:46]} 30. Qd3 {[%clk 0:11:17]} 30... b4 {[%clk 0:01:50]} 31.
cxb4 {[%clk 0:10:33]} 31... cxb4 {[%clk 0:02:18]} 32. Qd4 {[%clk 0:10:50]}
32... Qxd4+ {[%clk 0:01:35]} 33. R5xd4 {[%clk 0:11:04]} 33... Rb8 { [%clk
0:00:33]} 34. Rxd6 {[%clk 0:10:59]} 34... Rc7 {[%clk 0:00:47]} 35. Rd7 { [%clk
0:08:58]} 35... Rbc8 {[%clk 0:01:15]} 36. h4 {[%clk 0:08:47]} 36... Nf8 { [%clk
0:01:00]} 37. Rxc7 {[%clk 0:06:13]} 37... Rxc7 {[%clk 0:01:29]} 38. Rd4 { [%clk
0:05:50]} 38... Ne6 {[%clk 0:00:33]} 39. Rxb4 {[%clk 0:05:59]} 39... Nc5 {[%clk
0:00:45]} 40. Rd4 {[%clk 0:04:05]} 40... Rd7 {[%clk 0:00:33]} 41. Rxd7 { [%clk
0:02:34]} 41... Nxd7 {[%clk 0:01:01]} 42. b4 {[%clk 0:02:03]} 42... Kg6 { [%clk
0:29:37]} 43. b5 {[%clk 0:29:43]} 43... Nb6 {[%clk 0:23:43]} 44. Ne7+ { [%clk
0:29:48]} 44... Kh5 {[%clk 0:23:52]} 45. Nc6 {[%clk 0:29:57]} 45... Kxh4 {[%clk
0:23:56]} 46. Kf2 {[%clk 0:30:15]} 46... Kg5 {[%clk 0:23:55]} 47. Nxa7 { [%clk
0:30:37]} 47... f5 {[%clk 0:23:14]} 48. e5 {[%clk 0:29:47]} 1-0

[Event "ODJM A 2018"]
[Site "Willingen GER"]
[Date "2018.05.23"]
[Round "6"]
[White "Irkilmez, Yakub"]
[Black "Goldbeck, Lars"]
[Result "1-0"]
[Termination "normal"]
[Board "6"]
[WhiteElo "2108"]
[BlackElo "2247"]
[WhiteClock "00:50:15"]
[BlackClock "00:23:58"]
[PlyCount "59"]
[WhiteFideId "16204581"]
[BlackFideId "16208188"]
[EventCountry "GER"]
[EventRounds "9"]
[EventType "swiss"]
[EventDate "2018.05.19"]

1. d4 {[%clk 1:30:59]} 1... Nf6 {[%clk 1:30:58]} 2. c4 {[%clk 1:31:23]} 2... g6
{[%clk 1:31:20]} 3. Nc3 {[%clk 1:28:02]} 3... Bg7 {[%clk 1:31:46]} 4. e4 {
[%clk 1:28:25]} 4... O-O {[%clk 1:32:12]} 5. Be2 {[%clk 1:28:48]} 5... d6 {
[%clk 1:32:38]} 6. g4 {[%clk 1:29:14]} 6... Nc6 {[%clk 1:29:59]} 7. d5 { [%clk
1:27:02]} 7... Nb4 {[%clk 1:29:53]} 8. a3 {[%clk 1:27:16]} 8... Na6 { [%clk
1:30:22]} 9. g5 {[%clk 1:27:30]} 9... Nd7 {[%clk 1:30:38]} 10. h4 { [%clk
1:27:49]} 10... e6 {[%clk 1:30:06]} 11. dxe6 {[%clk 1:27:19]} 11... fxe6 {[%clk
1:30:35]} 12. h5 {[%clk 1:27:39]} 12... Nac5 {[%clk 1:28:59]} 13. hxg6 { [%clk
1:26:51]} 13... hxg6 {[%clk 1:29:28]} 14. f3 {[%clk 1:25:44]} 14... Ne5 { [%clk
1:26:51]} 15. f4 {[%clk 1:19:33]} 15... Nc6 {[%clk 1:27:08]} 16. Be3 { [%clk
1:11:20]} 16... a6 {[%clk 1:21:28]} 17. e5 {[%clk 1:07:07]} 17... b5 { [%clk
1:10:29]} 18. b4 18... Nd7 {[%clk 1:07:41]} 19. cxb5 {[%clk 1:03:39]} 19...
axb5 {[%clk 1:00:45]} 20. Qb3 {[%clk 1:02:59]} 20... Qe7 {[%clk 0:50:56]} 21.
Bf3 {[%clk 1:02:00]} 21... dxe5 {[%clk 0:45:04]} 22. Bxc6 {[%clk 1:01:17]}
22... Ra6 {[%clk 0:44:44]} 23. Bxd7 {[%clk 1:00:56]} 23... Qxd7 {[%clk 0:44:42]
} 24. Rd1 {[%clk 1:00:59]} 24... Qc6 {[%clk 0:44:28]} 25. Rh2 {[%clk 0:58:57]}
25... Qa8 {[%clk 0:36:59]} 26. Qc2 {[%clk 0:51:47]} 26... exf4 {[%clk 0:30:15]}
27. Bc5 {[%clk 0:51:18]} 27... e5 {[%clk 0:23:09]} 28. Bxf8 {[%clk 0:50:39]}
28... Bf5 {[%clk 0:23:38]} 29. Bxg7 {[%clk 0:49:50]} 29... Bxc2 {[%clk 0:23:58]
} 30. Rd7 {[%clk 0:50:15]} 1-0

[Event "ODJM A 2018"]
[Site "Willingen GER"]
[Date "2018.05.23"]
[Round "6"]
[White "Oganessjan, Artur"]
[Black "Küppers, Timo"]
[Result "1-0"]
[Termination "normal"]
[Board "7"]
[WhiteElo "2045"]
[BlackElo "2175"]
[WhiteClock "00:11:44"]
[BlackClock "00:04:08"]
[PlyCount "101"]
[WhiteFideId "12986062"]
[BlackFideId "16205820"]
[EventCountry "GER"]
[EventRounds "9"]
[EventType "swiss"]
[EventDate "2018.05.19"]

1. e4 {[%clk 1:30:59]} 1... c5 {[%clk 1:30:39]} 2. Ne2 {[%clk 1:31:24]} 2... d6
{[%clk 1:30:35]} 3. g3 {[%clk 1:31:49]} 3... Nc6 {[%clk 1:29:55]} 4. Bg2 {
[%clk 1:31:52]} 4... g6 {[%clk 1:30:02]} 5. c3 {[%clk 1:32:16]} 5... Bg7 {
[%clk 1:28:01]} 6. d4 {[%clk 1:32:44]} 6... cxd4 {[%clk 1:23:23]} 7. cxd4 {
[%clk 1:33:13]} 7... Nf6 {[%clk 1:20:18]} 8. Nbc3 {[%clk 1:33:30]} 8... O-O {
[%clk 1:19:42]} 9. O-O {[%clk 1:32:41]} 9... Bd7 {[%clk 1:16:36]} 10. h3 {
[%clk 1:32:58]} 10... Rb8 {[%clk 1:12:16]} 11. Be3 {[%clk 1:31:10]} 11... a6 {
[%clk 1:11:37]} 12. Qd2 {[%clk 1:19:55]} 12... b5 {[%clk 1:03:18]} 13. Bh6 {
[%clk 1:17:52]} 13... b4 {[%clk 0:53:25]} 14. Nd1 {[%clk 1:17:07]} 14... Bxh6 {
[%clk 0:50:50]} 15. Qxh6 {[%clk 1:17:22]} 15... Qb6 {[%clk 0:51:14]} 16. Qd2 {
[%clk 1:16:00]} 16... Na5 {[%clk 0:46:41]} 17. Ne3 {[%clk 1:13:57]} 17... Bb5 {
[%clk 0:44:58]} 18. Rfd1 {[%clk 1:11:14]} 18... Rfd8 {[%clk 0:39:20]} 19. Nf4 {
[%clk 1:07:40]} 19... Bc6 {[%clk 0:37:18]} 20. d5 {[%clk 1:00:23]} 20... Bd7 {
[%clk 0:37:16]} 21. b3 {[%clk 1:00:09]} 21... Rdc8 {[%clk 0:37:04]} 22. Rac1 {
[%clk 1:00:05]} 22... Rxc1 {[%clk 0:26:02]} 23. Rxc1 {[%clk 0:58:06]} 23... Nb7
{[%clk 0:22:07]} 24. Nc4 {[%clk 0:57:14]} 24... Qa7 {[%clk 0:22:31]} 25. e5 {
[%clk 0:52:48]} 25... dxe5 {[%clk 0:16:26]} 26. Nxe5 {[%clk 0:52:31]} 26... Nd6
{[%clk 0:16:33]} 27. Re1 {[%clk 0:39:23]} 27... a5 {[%clk 0:15:09]} 28. Nc6 {
[%clk 0:27:53]} 28... Bxc6 {[%clk 0:15:33]} 29. dxc6 {[%clk 0:28:17]} 29... Rc8
{[%clk 0:15:52]} 30. g4 {[%clk 0:27:39]} 30... h6 {[%clk 0:14:09]} 31. Qe2 {
[%clk 0:24:24]} 31... Rc7 {[%clk 0:12:51]} 32. Qe5 {[%clk 0:24:22]} 32... Qb6 {
[%clk 0:12:30]} 33. Nd5 {[%clk 0:22:23]} 33... Nxd5 {[%clk 0:12:48]} 34. Qxd5 {
[%clk 0:22:05]} 34... Nc8 {[%clk 0:07:34]} 35. Rc1 {[%clk 0:14:37]} 35... Nd6 {
[%clk 0:06:59]} 36. h4 36... Nb5 {[%clk 0:05:55]} 37. Re1 {[%clk 0:12:32]}
37... e6 {[%clk 0:05:03]} 38. Qd8+ {[%clk 0:10:45]} 38... Kg7 {[%clk 0:04:49]}
39. Rd1 {[%clk 0:11:05]} 39... Qc5 {[%clk 0:03:34]} 40. Rd3 {[%clk 0:00:40]}
40... Qc1+ {[%clk 0:02:30]} 41. Rd1 {[%clk 0:29:15]} 41... Qf4 {[%clk 0:27:38]}
42. g5 {[%clk 0:28:37]} 42... hxg5 {[%clk 0:25:43]} 43. hxg5 {[%clk 0:26:10]}
43... Nc3 {[%clk 0:25:12]} 44. Re1 {[%clk 0:20:00]} 44... Nb5 {[%clk 0:10:35]}
45. Re3 {[%clk 0:17:43]} 45... Na7 {[%clk 0:10:46]} 46. Re4 {[%clk 0:13:55]}
46... Rc8 {[%clk 0:04:17]} 47. Qd4+ {[%clk 0:13:13]} 47... e5 {[%clk 0:04:32]}
48. Qxa7 {[%clk 0:13:09]} 48... Qxg5 {[%clk 0:04:45]} 49. Rc4 {[%clk 0:13:11]}
49... Rd8 {[%clk 0:04:41]} 50. Qe3 {[%clk 0:11:42]} 50... Qh5 {[%clk 0:04:08]}
51. Rc1 {[%clk 0:11:44]} 1-0